| 000 | 01300nam a2200241 a 4500 | ||
|---|---|---|---|
| 001 | 38376 | ||
| 003 | BD-RjUL | ||
| 005 | 20211209052802.0 | ||
| 008 | 160502m19821981ii ||||| |||| 001 0 ben d | ||
| 035 | _a(BD-RjUL) 38481 | ||
| 040 |
_aBD-RjUL _bben _cBD-RjUL _dBD-RjUL |
||
| 041 | _aben | ||
| 082 |
_223 _a181.43 _bNYA 1939-1982 |
||
| 245 | 0 | 0 |
_aন্যায়দর্শন : _b(গৌতমসূত্র) ও বাৎস্যায়ন ভাষ্য (বিস্তৃত অনুবাদ, বিবৃতি, টিপ্পনী প্রভৃতি সহিত) / _c ফণিভূষণ কর্তৃক অনুদিত, ব্যাখ্যাত ও সম্পাদিত |
| 260 |
_aকলিকাতা : _bপশ্চিমবঙ্গ রাজ্য পুস্তক পর্ষদ, _c১৯৩৯-১৯৮২ |
||
| 300 |
_a খণ্ড ; _c২২ সেমি. |
||
| 500 | _aনির্ঘন্ট সংযুক্ত | ||
| 505 | 0 | _aখণ্ড ১ --- খণ্ড ৩ -- | |
| 650 |
_aন্যায় দর্শনশাস্ত্র _9124751 |
||
| 650 |
_aNyaya Philosophy _9118579 |
||
| 700 |
_a ফণিভূষণ, অনুবাদক, ব্যাখ্যাকারক ও সম্পাদক _9124652 |
||
| 942 |
_2ddc _cBK |
||
| 999 |
_c38376 _d38376 |
||